| 000 | 00373nam a2200157Ia 4500 | ||
|---|---|---|---|
| 008 | 221030s9999 xx 000 0 und d | ||
| 041 | _aEnglish | ||
| 082 |
_a105.23 _bGup |
||
| 100 | _aR. K. Gupta | ||
| 245 | 0 | _aDifferential Equations | |
| 260 |
_bKrishana Prakashan _aMeerut _c2000 |
||
| 300 | _a580 | ||
| 650 | _aBE Mathematics | ||
| 700 | _aJ. N. Sharma | ||
| 942 | _cBK | ||
| 999 |
_c1870 _d1870 |
||